| 000 | 00000nam 2200000zi 4500 |
| 001 | 9.947402 |
| 003 | CaOODSP |
| 005 | 20250127133141 |
| 006 | m o d f |
| 007 | cr mn||||||||| |
| 008 | 250127t19911992oncd ob f000 0 fre d |
| 020 | |z0662977238 |
| 040 | |aCaOODSP|bfre|erda|cCaOODSP |
| 043 | |an-cn--- |
| 086 | 1 |aZ1-1989/1-41-3F-PDF|zZ1-1989/1-41-3F |
| 100 | 1 |aBerkowitz, M. K.|q(Michael K.)|eauteur. |
| 245 | 14|aLes possibilités de concurrence pour le transport des voyageurs par chemin de fer / |cMichael K. Berkowitz. |
| 264 | 1|a[Ottawa] : |b[Commission royale sur le transport des voyageurs au Canada], |cjuillet 1991. |
| 264 | 4|c©1992 |
| 300 | |a1 ressource en ligne (52 pages) : |bgraphique |
| 336 | |atexte|btxt|2rdacontent/fre |
| 337 | |ainformatique|bc|2rdamedia/fre |
| 338 | |aressource en ligne|bcr|2rdacarrier/fre |
| 500 | |aPublié aussi en anglais sous le titre : The potential for competition in rail carriage. |
| 500 | |a« Rapport rédigé pour la Division de la recherche de la Commission royale sur le transport des voyageurs au Canada. » |
| 500 | |a« RR-03. » |
| 500 | |aComprend 2 pages de titre. |
| 500 | |aÉdition numérisée de l'imprimée [par Direction des publications du gouvernement du Canada]. |
| 504 | |aComprend des références bibliographiques (pages 45-52). |
| 610 | 26|aVIA Rail Canada. |
| 650 | 6|aTransports ferroviaires|zCanada|xTrafic voyageurs. |
| 650 | 6|aConcurrence|zCanada. |
| 650 | 6|aTransport|xPolitique gouvernementale|zCanada. |
| 710 | 1 |aCanada. |bCommission royale sur le transport des voyageurs au Canada. |bDivision de la recherche, |eorganisme de publication. |
| 775 | 08|tThe potential for competition in rail carriage / |w(CaOODSP)9.947395 |
| 856 | 40|qPDF|s3.29 Mo|uhttps://publications.gc.ca/collections/collection_2025/bcp-pco/Z1-1989-1-41-3-fra.pdf |